Manual de marketing turístico (Registro nro. 13009)

Detalles MARC
000 -CABECERA
campo de control de longitud fija 00935nam a22003257a 4500
005 - FECHA Y HORA DE ACTUALIZACIÓN
campo de control 20210611112140.0
008 - LONGITUD FIJA
campo de control de longitud fija 210611b xxu||||| |||| 00| 0 spa d
020 ## - INTERNATIONAL STANDARD BOOK NUMBER
Número Internacional Estándar del Libro 9788491711391
041 ## - IDIOMA
Código de idioma del texto/pista de sonido o título separado
082 ## - CLASIFICACIÓN DECIMAL DEWEY
Número de clasificación 1.10.14 S487m
100 ## - AUTOR PERSONAL
Nombre de persona Sánchez Martínez, María
245 ## - TÍTULO PROPIAMENTE DICHO
Título Manual de marketing turístico
260 ## - PIE DE IMPRENTA
Lugar de publicación, distribución, etc. España
260 ## - PIE DE IMPRENTA
Nombre del editor, distribuidor, etc. Sintesis
260 ## - PIE DE IMPRENTA
Fecha de publicación, distribución, etc. 2018
300 ## - DESCRIPCIÓN FÍSICA
Extensión 268 páginas
650 ## - Materia General
Materia general MERCADOTECNIA TURÍTISCO
650 ## - Materia General
Materia general MARKETING TURÍSTICO
650 ## - Materia General
Materia general SERVUCCIÓN
650 ## - Materia General
Materia general INVESTIGACIÓN DE MERCADOS
650 ## - Materia General
Materia general SEGMENTACIÓN DE MERCADOS
650 ## - Materia General
Materia general PLAN DE MARKETING
650 ## - Materia General
Materia general PRODUCTO TURÍSTICO
650 ## - Materia General
Materia general PRECIO
650 ## - Materia General
Materia general DISTRUBUCIÓN
650 ## - Materia General
Materia general COMUNICACIÓN
650 ## - Materia General
Materia general CALIDAD DE LOS SERVICIOS
650 ## - Materia General
Materia general DERECHOS DEL CONSUMIDOR
942 ## - Punto de Acceso Adicional Koha
Tipo de ítem Koha Libro
Existencias
Estado perdido Estado dañado No para préstamo Biblioteca permanente Biblioteca actual Signatura completa Código de barras Precio efectivo a partir del Tipo de ítem
      Departamento de Biblioteca y Documentación Alfonso Chase Brenes Departamento de Biblioteca y Documentación Alfonso Chase Brenes 1.10.14 S487m 25211 11/06/2021 Libro